000
00313nam a2200121Ia 4500
005
20251222152624.0
008
251222s9999||||xx |||||||||||||| ||spa||
020
_a
8790730682
082
_a
306.08/G77/Ej.2
100
_a
Gray, Andrew
245
0
_a
El Ultimo Chaman Cambio en una Comunidad Amazónica
942
_c
LIB
999
_c
27469
_d
27469